Ethical issues in social science research
| Contributors: | |
|---|---|
| Format: | Print Book |
| Language: | English |
| Published: |
Baltimore [u.a.]
Johns Hopkins Univ. Press
1982
|
| In: | Year: 1982 |
| Online Access: |
Table of Contents Table of Contents |
| Availability in Tübingen: | Present in Tübingen. UB: KB 14 A 325 |
| Check availability: | HBZ Gateway |
| Subito Delivery Service: | Order now. |
| Keywords: |
MARC
| LEADER | 00000cam a2200000 c 4500 | ||
|---|---|---|---|
| 001 | 011837535 | ||
| 003 | DE-627 | ||
| 005 | 20260206203958.0 | ||
| 007 | tu | ||
| 008 | 850101s1982 xxu||||| 00| ||eng c | ||
| 020 | |a 0801826551 |9 0-8018-2655-1 | ||
| 020 | |a 080182656X |9 0-8018-2656-X | ||
| 035 | |a (DE-627)011837535 | ||
| 035 | |a (DE-603)11120643X | ||
| 035 | |a (DE-576)008880638 | ||
| 035 | |a (DE-599)GBV011837535 | ||
| 035 | |a (OCoLC)7672020 | ||
| 035 | |a (OCoLC)239744862 | ||
| 035 | |a (OCoLC)07672020 | ||
| 035 | |a (DE-604)8000651788 | ||
| 040 | |a DE-627 |b ger |c DE-627 |e rakwb | ||
| 041 | |a eng | ||
| 044 | |c XD-US |c XA-GB | ||
| 050 | 0 | |a H62 | |
| 082 | 0 | |a 174/.9301 | |
| 082 | 0 | |a 174.9301 |q LoC |2 DDC19oclc | |
| 084 | |a MR 1050 |2 rvk |0 (DE-625)rvk/123484: | ||
| 084 | |a 71.02 |2 bkl | ||
| 245 | 0 | 0 | |a Ethical issues in social science research |c ed. by Tom L. Beauchamp ... |
| 264 | 1 | |a Baltimore [u.a.] |b Johns Hopkins Univ. Press |c 1982 | |
| 300 | |a XII, 436 S. | ||
| 336 | |a Text |b txt |2 rdacontent | ||
| 337 | |a ohne Hilfsmittel zu benutzen |b n |2 rdamedia | ||
| 338 | |a Band |b nc |2 rdacarrier | ||
| 500 | |a Bibliography: p. 417-422 | ||
| 583 | 1 | |a Archivierung prüfen |c 20241027 |f DE-4165 |z 2 |2 pdager | |
| 650 | 0 | 7 | |0 (DE-588)4055916-6 |0 (DE-627)106156411 |0 (DE-576)209115904 |a Sozialwissenschaften |2 gnd |
| 650 | 0 | 7 | |0 (DE-588)4015602-3 |0 (DE-627)106335987 |0 (DE-576)208912614 |a Ethik |2 gnd |
| 650 | 4 | |a Sozialforschung | |
| 650 | 4 | |a Sozialwissenschaften | |
| 650 | 4 | |a Wissenschaft | |
| 650 | 4 | |a Ethik | |
| 653 | 0 | |a Social sciences |a Research |a Moral and ethical aspects | |
| 689 | 0 | 0 | |d s |0 (DE-588)4015602-3 |0 (DE-627)106335987 |0 (DE-576)208912614 |a Ethik |2 gnd |
| 689 | 0 | 1 | |d s |0 (DE-588)4055916-6 |0 (DE-627)106156411 |0 (DE-576)209115904 |a Sozialwissenschaften |2 gnd |
| 689 | 0 | |5 (DE-627) | |
| 700 | 1 | |a Beauchamp, Tom L. |d 1939-2025 |e Hrsg. |0 (DE-588)132472155 |0 (DE-627)522724167 |0 (DE-576)16021078X |4 edt | |
| 856 | 4 | 2 | |u https://swbplus.bsz-bw.de/bsz008880638inh.htm |m V:DE-576 |v 2006-05-30 |3 Inhaltsverzeichnis |7 1 |
| 856 | 4 | 2 | |u http://scans.hebis.de/HEBCGI/show.pl?11120643_toc.pdf |m V:DE-576 |q application/pdf |3 Inhaltsverzeichnis |7 1 |
| 889 | |w (DE-627)422947288 | ||
| 935 | |i mdedup | ||
| 935 | |i Blocktest | ||
| 935 | |h HEB |i 0501 | ||
| 935 | |h HEB |i 0503 | ||
| 936 | r | v | |a MR 1050 |b Allgemeine (philosophische) Abhandlungen |k Soziologie |k Sozialwissenschaftliche Theorien und Methoden |k Wissenschaftstheorie und Erkenntnistheorie |k Allgemeine (philosophische) Abhandlungen |0 (DE-627)1271427443 |0 (DE-625)rvk/123484: |0 (DE-576)201427443 |
| 936 | b | k | |a 71.02 |j Theorie der Soziologie |q coli-conc RVK->BK |q https://coli-conc.gbv.de/api/mappings/5f0f0198-a2a4-4c6f-8138-f9edebc0d90d |0 (DE-627)106416189 |
| 936 | s | n | |a m200 |2 mzub |
| 951 | |a BO | ||
| ELC | |b 1 | ||
| LOK | |0 000 xxxxxcx a22 zn 4500 | ||
| LOK | |0 001 3178925066 | ||
| LOK | |0 003 DE-627 | ||
| LOK | |0 004 011837535 | ||
| LOK | |0 005 20020606000000 | ||
| LOK | |0 008 880504||||||||||||||||ger||||||| | ||
| LOK | |0 040 |a DE-21 |c DE-627 |d DE-21 | ||
| LOK | |0 852 |a DE-21 | ||
| LOK | |0 852 1 |c KB 14 A 325 |9 00 | ||
| LOK | |0 935 |a krim | ||
| LOK | |0 936ln |a k1.6 | ||
| LOK | |0 939 |a 04-05-88 |b l01 | ||
| ORI | |a SA-MARC-krimdoka001.raw | ||
| SIG | |a UB: KB 14 A 325 | ||
